| 000 | nam a22 4500 | ||
|---|---|---|---|
| 999 |
_c48100 _d48100 |
||
| 005 | 20170106122836.0 | ||
| 008 | 170106b xxu||||| |||| 00| 0 eng d | ||
| 020 | _a9780985673529 | ||
| 040 | _cDLC | ||
| 082 | _a005.43 AND | ||
| 245 |
_aOperating systems : principles and practice / _cAnderson, Thomas, |
||
| 250 | _a2nd ed. | ||
| 260 |
_a(USA) _bRecursive Books _c2014 |
||
| 942 |
_2ddc _cBK |
||